000 00179nam a2200073Ia 4500
008 170620s9999 xx 000 0 und d
100 _aSHAYAM SHARMA
245 0 _aSAMAJIK AV. PARIVAARIK SAMASAYA
260 _bAPOLO
999 _c27153
_d27153